00594nam a2200169Ia 450000500170000000800410001702000130005808200140007110000220008524501180010726000560022530000160028165000110029794200060030895200950031499900150040920240404060705.0240331s9999 xx 000 0 und d a13910582 bRASa331  aRasanayagam, Yoga 0aGlobalization and flexibility of female labour :bcase studies of selected villages in the district of Kurunagala aColombo :bCenter for Society and Religion :c1998. aii, 53 p ., aWomen. cL 001040708LaWERCLbWERCLcSSCd2024-03-31l0o 331 RASp2900r2024-03-31w2024-03-31yL c2598d2598